| 000 | 00644nam a2200181 a 4500 | ||
|---|---|---|---|
| 001 | BRCA_1748 | ||
| 005 | 20190320203531.0 | ||
| 008 | 200508s----1990sp-#---###---#000-0#spa-# | ||
| 020 | _a8440464088 | ||
| 050 | 4 |
_aNK5114 _b.R44 1990 |
|
| 245 | 1 | 0 | _aReglamento general para la dirección y gobierno de las Reales Fábricas de cristales establecidos en San Ildefonso por cuenta de S.M. |
| 260 |
_aMadrid _bFundación Centro Nacional del Vidrio _c1990 |
||
| 300 |
_a60 p. _c27 cm. |
||
| 500 | _aFacsímil de : 1787 | ||
| 650 | 1 | 4 |
_aVidrio _vReglamentos _zNueva España _95453 |
| 650 | 1 | 4 |
_aFábricas de vidrio _xHistoria _zMéxico _95454 |
| 942 |
_2lcc _cB |
||
| 999 |
_c1532 _d1532 |
||